Statistics for Shinkansen Stations on a Map

Click here to take the quiz!

General Stats

  • This quiz has been taken 759 times
  • The average score is 57 of 107

Answers on the Map

Answers color-coded by a green-red scale on the quiz's map according to % correct below.
 

Answer Stats

Answer% Correct
Tokyo
99%
Kyoto
88%
Hiroshima
86%
Nagoya
84%
Sendai
84%
Shin-Osaka
79%
Niigata
77%
Akita
76%
Ueno
75%
Shin-Aomori
73%
Shin-Yokohama
73%
Shinagawa
72%
Fukushima
71%
Hakata
71%
Kumamoto
70%
Okayama
70%
Omiya
70%
Shin-Kobe
70%
Nagano
69%
Shizouka
69%
Morioka
68%
Yamagata
68%
Hamamatsu
66%
Kanazawa
66%
Shin-Hakodate-Hokuto
65%
Toyama
65%
Himeji
64%
Shin-Fuji
63%
Kagoshima-Chuo
62%
Utsunomiya
62%
Odawara
61%
Atami
60%
Shin-Shimonoseki
60%
Shin-Yamaguchi
60%
Kokura
59%
Takasaki
58%
Maibara
56%
Mishima
56%
Toyohashi
56%
Hachinohe
55%
Higashi-Hiroshima
54%
Gifu-Hashima
53%
Mikawa-Anjo
53%
Nishi-Akashi
53%
Oyama
53%
Shinjo
53%
Fukuyama
52%
Koriyama
51%
Shin-Kurashiki
51%
Aioi
50%
Echigo-Yuzawa
50%
Karuizawa
50%
Kikonai
50%
Shin-Tosu
50%
Asa
49%
Kakegawa
49%
Nasu-Shiobara
49%
Nagaoka
48%
Kurume
47%
Oku-Tsugaru-Imabetsu
47%
Shin-Iwakuni
47%
Tokuyama
47%
Ninohe
46%
Itoigawa
45%
Shin-Onomichi
45%
Shin-Takaoka
45%
Kumagaya
44%
Omagari
44%
Shichinohe-Towada
44%
Shin-Minamata
44%
Shiroishi-Zao
44%
Tsubame-Sanjo
44%
Furukawa
43%
Honjo-Waseda
43%
Ichinoseki
42%
Joetsu-Myoko
42%
Kitakami
42%
Mihara
42%
Shin-Hanamaki
42%
Shin-Shirakawa
42%
Ueda
42%
Kurikoma-Kogen
41%
Shin-Yatsushiro
41%
Tazawako
41%
Izumi
40%
Mizusawa-Esashi
40%
Kurobe-Unazuki-Onsen
39%
Urasa
39%
Yonezawa
39%
Iiyama
38%
Jomo-Kogen
38%
Tendo
38%
Sakudaira
37%
Chikugo-Funagoya
36%
Iwate-Numakunai
36%
Kakunodate
36%
Shin-Tamana
36%
Shizukuishi
36%
Akayu
35%
Annaka-Haruna
35%
Kaminoyama-Onsen
35%
Shin-Omuta
35%
Takahata
33%
Oishida
32%
Sakurambo-Higashine
32%
Murayama
29%

Score Distribution

Percentile by Number Answered

Percent of People with Each Score

Your Score History

You have not taken this quiz